00418nam a2200133Ia 4500650001200000942000700012366000900019245002100028260001800049082002000067546001200087999001700099952016800116 aFiction cBK f17.5 aMagic of malgudi bPenquin books a808.83/NARbNAR aENGLISH c32791d32791 001040708CRCaCRCEbCRCEd2023-03-17eEducational books and periodicalsg243.38i258 dt 27/04/2009l0o808.83/NAR NARp19594r2023-03-17v295.00w0000-00-00yBK